000
00185nam a2200085Ia 4500
008
170620s9999 xx 000 0 und d
100
_a
KAPOOR- S K
245
0
_a
CONTRACT-I
260
_b
MEERUT; W L H
260
_c
2007
999
_c
29472
_d
29472